New construction orders (Record no. 79792)
[ view plain ]
| 000 -LEADER | |
|---|---|
| fixed length control field | 01129cad a22002175a 4500 |
| 001 - CONTROL NUMBER | |
| control field | L142366 |
| 008 - FIXED-LENGTH DATA ELEMENTS--GENERAL INFORMATION | |
| fixed length control field | 080211e20080207xxkd f s f000 0 eng d |
| 035 ## - SYSTEM CONTROL NUMBER | |
| System control number | (Sirsi) u142366 |
| 041 0# - LANGUAGE CODE | |
| Language code of text/sound track or separate title | eng |
| 110 1# - MAIN ENTRY--CORPORATE NAME | |
| Corporate name or jurisdiction name as entry element | United Kingdom |
| Subordinate unit | Department for Business, Enterprise and Regulatory Reform |
| 9 (RLIN) | 5262 |
| 245 00 - TITLE STATEMENT | |
| Title | New construction orders |
| Remainder of title | December 2007 |
| Medium | [electronic resource] |
| 260 ## - PUBLICATION, DISTRIBUTION, ETC. | |
| Date of publication, distribution, etc. | 2008 |
| 490 ## - SERIES STATEMENT | |
| Series statement | National Statistics Press Release |
| Volume/sequential designation | (URN URN 07/395l) 7 February 2008 |
| 520 ## - SUMMARY, ETC. | |
| Summary, etc. | In 2007, construction orders increased by 1% compared with 2006, and orders increased by 2% in the fourth quarter of 2007 compared to the fourth quarter of 2006. In the fourth quarter of 2007, orders increased by 2% compared to the third quarter of 2007, with rises across the board with the exception of public non housing and private commercial. |
| 590 ## - LOCAL NOTE (RLIN) | |
| Local note | KA |
| 650 24 - SUBJECT ADDED ENTRY--TOPICAL TERM | |
| Topical term or geographic name entry element | DBERR NEW CONSTRUCTION ORDERS |
| 651 #4 - SUBJECT ADDED ENTRY--GEOGRAPHIC NAME | |
| Geographic name | Great Britain |
| Chronological subdivision | 1707- |
| 690 ## - LOCAL SUBJECT ADDED ENTRY--TOPICAL TERM (OCLC, RLIN) | |
| Topical term or geographic name as entry element | BUILT ENVIRONMENT-CONSTRUCTION MARKET |
| 856 40 - ELECTRONIC LOCATION AND ACCESS | |
| Uniform Resource Identifier | <a href="https://stats.bis.gov.uk/construction/neworders/200712/index.asp">https://stats.bis.gov.uk/construction/neworders/200712/index.asp</a> |
| Public note | View the item free of charge at stats.bis.gov.uk |
| 942 ## - ADDED ENTRY ELEMENTS (KOHA) | |
| Suppress in OPAC | 0 |
| Withdrawn status | Lost status | Source of classification or shelving scheme | Damaged status | Not for loan | Home library | Current library | Shelving location | Date acquired | Total Checkouts | Full call number | Barcode | Date last seen | Copy number | Price effective from | Koha item type |
|---|---|---|---|---|---|---|---|---|---|---|---|---|---|---|---|
| Dewey Decimal Classification | Virtual | Virtual | Online | 11/02/2008 | ONLINE PUBLICATION | 142366-2001 | 06/08/2019 | 1 | 06/08/2019 | Journal article |